Giá trị thơ văn Đông Hồ : Luận văn Thạc sĩ chuyên ngành Văn học Việt Nam

Đề tài tìm hiểu về giá trị thơ văn Đông Hồ. Qua đó, đề tài giúp cho người đọc hiểu rõ hơn về lịch sử hình thành, phát triển và đặc điểm của vùng văn học Hà Tiên. Đặc biệt, là hiểu được giá trị nội dung và nghệ thuật thơ văn Đông...

Volledige beschrijving

Bewaard in:
Bibliografische gegevens
Hoofdauteur: Cao, Thị Ngọc Định
Formaat: Boek
Taal:Undetermined
Gepubliceerd in: Cần Thơ Trường Đại học Cần Thơ 2011
Onderwerpen:
Tags: Voeg label toe
Geen labels, Wees de eerste die dit record labelt!
Thư viện lưu trữ: Trung tâm Học liệu Trường Đại học Cần Thơ
LEADER 01263nam a2200229Ia 4500
001 CTU_171213
008 210402s9999 xx 000 0 und d
082 |a 895.9221009 
082 |b Đ312 
088 |a 60220121 
100 |a Cao, Thị Ngọc Định 
245 0 |a Giá trị thơ văn Đông Hồ : 
245 0 |b Luận văn Thạc sĩ chuyên ngành Văn học Việt Nam 
245 0 |c Cao Thị Ngọc Định ; Nguyễn Hữu Sơn ( Hướng dẫn khoa học ) 
260 |a Cần Thơ 
260 |b Trường Đại học Cần Thơ 
260 |c 2011 
520 |a Đề tài tìm hiểu về giá trị thơ văn Đông Hồ. Qua đó, đề tài giúp cho người đọc hiểu rõ hơn về lịch sử hình thành, phát triển và đặc điểm của vùng văn học Hà Tiên. Đặc biệt, là hiểu được giá trị nội dung và nghệ thuật thơ văn Đông Hồ đựơc nghiên cứu trong đề tài 
650 |a Thơ Việt Nam,Vietnamese poetry 
650 |x Lịch sử và phê bình,History and criticism 
904 |i Tuyền, Hải 
980 |a Trung tâm Học liệu Trường Đại học Cần Thơ